00858nac a22002291u 4500010001600000020003500016020002200051082001700073090001500090100003400105245005500139260004200194300002800236500002600264504005100290505009700341511002600438650002500464942001900489999001500508952010500523 a 00061110 a0275971317 (v. 1 : alk. paper) a0275971910 (v. 2)00a304.609bHAR c9397d9397 aHarris, P. M. G. 14aThe history of human populations /cP.M.G. Harris. aWestport, Conn. :bPraeger,2001c2001 a439 p.:bill. ;c25 cm. adistributer: Al-Ahram aIncludes bibliographical references and index.1 av. 1. Forms of growth and decline -- v. 2. Migration, urbanization, and structural change -- acatalogued by: wessam 0aPopulationxHistory. cBBk304.609HAR c9397d9397 00104070aMAINbMAINc1STd2008-05-06ePurchasel0o304.609HARp000011339r2025-07-15 00:00:00yBB